Pays les plus proches de l'Uruguay A-Z - Statistiques

Statistiques générales
  • Ce quiz a été pris 121 fois
  • Le résultat moyen est 18 sur 24
Statistiques - réponses
Lettre Pays % Correct
A Argentine
98%
B Brésil
98%
C Chili
98%
P Paraguay
90%
V Venezuela
89%
E Équateur
84%
Q Qatar
82%
Y Yemen
82%
Z Zambie
81%
G Guyana
78%
F France
77%
S Surinam
77%
H Haiti
75%
J Jamaïque
73%
M Mexique
72%
O Ouganda
68%
D Dominique
66%
N Nicaragua
66%
T Trinité-et-Tobago
61%
U Ukraine
61%
K Kenya
56%
I Italie
51%
R République Dominicaine
48%
L Liberia
40%
Aucun quiz correspondant
Distribution des résultats
% des personnes avec chaque résultat
Percentile par nombre de réponses
Votre historique - résultats
Vous n’avez pas pris ce quiz